00393nam a2200169Ia 4500008004100000020001800041050001400059100002100073245001500094245002400109260001000133260001400143260000900157300001600166300002000182300002100202170918s9999 xx 000 0 und d a9780316053464 bM613 2006 aMeyer, Stephanie aNew Moon / cby Stephanie Meyer. aUSA : bMT Books, c2006 a563 pages : billustrations ; eTwilight series.